000 01199cam a2200217 4500
008 030827n2003 000 0 eng u
035 _a(Sirsi) u123374
245 _aLondon unaffected by traffic charge
260 _c2003
490 _aRegeneration and Renewal
_v 22 August 2003, 2(1)
490 _aLondon First Centre News Release
_v 18 August 2003 (3)
520 _aA survey of central London businesses carried out on behalf of London First, reveals that they are largely unaffected by the congestion charge and contradicts a London Chamber of Commerce survey earlier this year that blamed a 60% downturn on the charge. Three quarters felt that their profit margins were unaffected by the charge and 91% had not changed the way they operate. However, most felt it too early to tell how the charge would affect London's overall economy. The survey results are available from London First, at http://www.london-first.co.uk/press_centre/newsreleasedetail.asp?L2=106&NewsReleaseId=2093.
590 _aWB
650 _aLONDON
650 _aCONGESTION CHARGING
650 _aSURVEYS
650 _aBUSINESSES
650 _aECONOMY
690 _aMANAGEMENT-BUSINESS MANAGEMENT
942 _n0
999 _c73281
_d73281